000 007550000a22001930004500
090 _aAR
_b02358
245 1 0 _aNeotropical Tineidae, VI: Prosetomorpha falcata, a new genus and species of Setomorphinae (<Lepidoptera: Tineoidea>) from Colombia associated with curculionid galleries in stems of solanum
650 1 4 _aEntomología
_94483
650 1 4 _aMorfología animal
_99953
650 1 4 _aNuevas especies
_992905
650 1 4 _aDesarrollo animal
_994820
651 4 _pColombia
_992749
653 _fTineidae
_gProsetomorpha
_eProsettomorpha falcata
653 _gSetomorphinae
041 0 _aInglés
100 1 _aDavis, Doanld R.
_995880
942 _cARTICULO
773 1 _tProceedings of the Entomological Society of Washington
_3427
_h2
_q173-187
_d1996
_g98
999 _c11429
_d11429